Formula One Nicknames - Statistics

General Stats
  • This quiz has been taken 125 times
  • The average score is 30 of 54
Answer Stats
Nickname Driver % Correct
Last Lap Lando Lando Norris
97%
Schumi Michael Schumacher
97%
The Iceman Kimi Raikkonen
96%
Checo Sergio Perez
94%
Super Max Max Verstappen
91%
Smooth Operator Carlos Sainz Jr.
88%
Nando Fernando Alonso
87%
Tracing Point Racing Point
87%
The Honey Badger Daniel Ricciardo
86%
Mazespin Nikita Mazepin
86%
Home of British Motor Racing Silverstone Circuit
85%
Silver Arrows Mercedes
82%
Prancing Horses Ferrari
80%
The Flying Finn Mika Hakkinen
80%
COTA Circuit of the Americas
78%
The Professor Alain Prost
76%
The Temple of Speed Autodromo Nazionale Monza
75%
Britney Nico Rosberg
73%
Torpedo Daniil Kvyat
69%
Air Canada Gilles Villeneuve
67%
____ the Shunt James Hunt
64%
JPM Juan Pablo Montoya
64%
The Green Hell Nurburgring
63%
Andrea de Crasheris Andrea de Cesaris
62%
Fisi Giancarlo Fisichella
61%
The Finger Sebastian Vettel
61%
The Glen Watkins Glen International
61%
Crashtor _________ Maldonado
57%
The Rat Niki Lauda
57%
Mr. Monaco Graham Hill
55%
Mr. Saturday George Russell
54%
Super Mario Mario Andretti
54%
Rubinho Rubens Barrichello
51%
Steady Eddie Eddie Irvine
49%
Clay Gianclaudio Regazzoni
47%
Black Jack Jack Brabham
47%
SuperSwede Ronnie Peterson
47%
Il Leone Nigel Mansell
44%
Emmo Emerson Fittipaldi
41%
Maestro Juan Manuel Fangio
41%
The Gentleman of Turin Giuseppe Farina
36%
Wattie John Watson
34%
Ciccio Alberto Ascari
33%
Fearless John John Surtees
33%
The Pink Mercedes Racing Point RP20
29%
The Bear Denny Hulme
19%
Vyborg Rocket Vitaly Petrov
19%
Mike the Bike Mike Hailwood
15%
The Abruzzi Robber Luigi Fagioli
14%
Sharknose Ferrari 156
13%
Baby Face Jackie Ickx
12%
The Racing Dentist Tony Brooks
10%
Captain Nice Mark Donohue
8%
Taffy Wolfgang Von Trips
8%
No matching quizzes found
Score Distribution
Percent of People with Each Score
Percentile by Number Answered
Your Score History
You have not taken this quiz